| 000 | 00528nam a2200205Ia 4500 | ||
|---|---|---|---|
| 999 |
_c21274 _d21274 |
||
| 003 | 0100 | ||
| 005 | 20181024114421.0 | ||
| 008 | 130303s9999 xx 000 0 und d | ||
| 040 | _cARRUPELIB | ||
| 050 |
_aBF637.L4 _bD84 1989 |
||
| 100 |
_aD'Souza, Anthony _927500 |
||
| 245 |
_aLeadership _ba trilogy on leadership and effective management _cAnthony D'Souza |
||
| 260 |
_aNairobi _bPaulines Publications Africa _c1989 |
||
| 300 |
_a528p. ; _c 23 cm. |
||
| 650 |
_aLeadership _96573 |
||
| 942 | 0 | 0 |
_04 _2lcc _cMONOGRAPH |